Curso de derecho penal : parte general.

Guardado en:
Autor Principal: López Camelo, Raúl Guillermo.
Otros Autores: Jarque, Gabriel Darío., Zaffaroni, Eugenio R., (prol.)
Formato: Libro
Idioma:Spanish
Publicado: Bahía Blanca : Ediuns, 2007.
Edición:3a. ed.
Series:Docencia
Materias:
Etiquetas: Agregar Etiqueta
Sin Etiquetas, Sea el primero en etiquetar este registro!
LEADER 00836nam a22002295a 4500
001 DER.der013696
008 180906s2007####ag#####|###|#|######spa||
005 20250714174016.0
245 1 0 |a Curso de derecho penal :  |b parte general.  |s Actualización 2007 /  |c Raúl Guillermo López Camelo, Gabriel Darío Jarque ; prólogo de Eugenio R. Zaffaroni. 
250 |a 3a. ed. 
260 |a Bahía Blanca :  |b Ediuns,  |c 2007. 
300 |a 409 p. 
490 1 |a Docencia 
020 |a 9872138834 
100 1 |a López Camelo, Raúl Guillermo. 
700 1 |a Jarque, Gabriel Darío. 
700 1 |a Promé, Marisa Gabriela,  |e col. 
700 1 |a Zaffaroni, Eugenio R.,  |e prol. 
650 7 |a DERECHO PENAL 
859 |a DERECHO  |b BIB. DERECHO  |h 345  |i LOP  |p 005475 
859 |a DERECHO  |b BIB. DERECHO  |h 345  |i LOP  |p 005477  |t 1 
859 |a DERECHO  |b BIB. DERECHO  |h 345  |i LOP  |p 008744  |t 2